00436nam a2200121Ia 4500008004100000245012300041260004500164260000900209300000800218500001300226650001300239856006200252170516s9999 xx 000 0 und d aPreparation of highly stable diclofenac potassium pellet with microcrystalline cellulose by extrusion–spheronization bAsian Journal of Pharmaceutical Sciences c2013 a8:6 aDecember xPharmacy uhttp://www.sciencedirect.com/science/journal/18180876/8/6